National Anthem of Saudi Arabia - النشيد الوطني السعودي - Statistics

General Stats
  • This quiz has been taken 2 times
  • The average score is 16 of 42
Answer Stats
Lyrics % Correct
al-
100%
l-
100%
l-
100%
l-
100%
l-
100%
l-
100%
l-
100%
l-
100%
n-
100%
s-
100%
ʾakbar
50%
Allāhu
50%
ʿalyāʾ,
50%
mawṭinī
50%
Mawṭinī,
50%
muslimīn
50%
samāʾ
50%
wa-
50%
Wa-
50%
Wa-
50%
50%
ʿalam
0%
ʿĀš
0%
ʾaxḍar
0%
faxra
0%
ʿišta
0%
Li-
0%
li-
0%
Li-
0%
majdi
0%
Majjidī
0%
malik
0%
mussaṭṭar,
0%
nūra
0%
Qad
0%
Raddidī:
0%
rfaʿī
0%
Sāriʿī
0%
waṭan
0%
xaffāqa
0%
xāliqi
0%
Yaḥmilu
0%
No matching quizzes found
Score Distribution
Percent of People with Each Score
Percentile by Number Answered
Your Score History
You have not taken this quiz